How India struggled for freedom : (Record no. 129457)

MARC details
000 -LEADER
fixed length control field 00673nam a22002297a 4500
005 - DATE AND TIME OF LATEST TRANSACTION
control field 20170124110056.0
010 ## - LIBRARY OF CONGRESS CONTROL NUMBER
LC control number 471760
020 ## - INTERNATIONAL STANDARD BOOK NUMBER
Terms of availability 00.00
035 ## - SYSTEM CONTROL NUMBER
System control number 471760
037 ## - SOURCE OF ACQUISITION
Source of stock number/acquisition Cen Lib/Ret
040 ## - CATALOGING SOURCE
Original cataloging agency DPL
Language of cataloging EN
082 ## - DEWEY DECIMAL CLASSIFICATION NUMBER
Classification number 954.0841
Item number RAM
100 ## - MAIN ENTRY--PERSONAL NAME
Personal name Gopal, Ram
9 (RLIN) 25570
245 ## - TITLE STATEMENT
Title How India struggled for freedom :
Statement of responsibility, etc by Ram Gopal
Remainder of title a political history /
260 ## - PUBLICATION, DISTRIBUTION, ETC. (IMPRINT)
Place of publication, distribution, etc Bombay
Name of publisher, distributor, etc Book Centre
Date of publication, distribution, etc 1967
270 ## - ADDRESS
Address Ranade Road
City Bombay
Postal code 400023
300 ## - PHYSICAL DESCRIPTION
Extent 469p.
Dimensions 20cm(Hb)
500 ## - GENERAL NOTE
General note Includes index<br/>
650 ## - SUBJECT ADDED ENTRY--TOPICAL TERM
Topical term or geographic name as entry element India -- History -- 20th century
9 (RLIN) 26419
650 ## - SUBJECT ADDED ENTRY--TOPICAL TERM
Topical term or geographic name as entry element India -- Political History
9 (RLIN) 26420
942 ## - ADDED ENTRY ELEMENTS (KOHA)
Source of classification or shelving scheme Dewey Decimal Classification
Koha item type English Books
Classification part 954.0841
Call number suffix RAM
Holdings
Withdrawn status Lost status Damaged status Not for loan Home library Current library Date acquired Source of acquisition Cost, normal purchase price Total Checkouts Full call number Barcode Date last seen Copy number Cost, replacement price Price effective from Koha item type Public note
Written off       Central Library Central Library 06/07/2015 Cen Lib/Ret 0.00   954.0841 RAM 471760 06/07/2015 1 0.00 06/07/2015 English Books Written off on approval by DLB (By Circulation); dtd 15-06-2023

© Delhi Public Library
Hit Counter
free hit counter